| Tag |
First Indicator |
Second Indicator |
Subfields |
| LEADER |
00000pam a2200000 a 4500 |
| 001 |
in00001995821 |
| 005 |
20151031113338.0 |
| 008 |
040311s2004 nyu 000 1 eng |
| 010 |
|
|
|a 2004046956
|
| 020 |
|
|
|a 0743262530
|
| 035 |
|
|
|a (OCoLC)ocm54782149
|
| 040 |
|
|
|a DLC
|c DLC
|d TXA
|d UtOrBLW
|
| 049 |
|
|
|a TXAM
|
| 050 |
0 |
0 |
|a PS3569.O716
|b V36 2004
|
| 082 |
0 |
0 |
|a 813/.54
|2 22
|
| 100 |
1 |
|
|a Sosnowski, David.
|
| 245 |
1 |
0 |
|a Vamped :
|b a novel /
|c David Sosnowski.
|
| 264 |
|
1 |
|a New York :
|b Free Press,
|c [2004]
|
| 264 |
|
4 |
|c ©2004
|
| 300 |
|
|
|a 335 pages ;
|c 24 cm.
|
| 336 |
|
|
|a text
|b txt
|2 rdacontent
|
| 337 |
|
|
|a unmediated
|b n
|2 rdamedia
|
| 338 |
|
|
|a volume
|b nc
|2 rdacarrier
|
| 520 |
|
|
|a Martin Kowalski's scheme to turn as many mortals as possible into vampires has created a severe shortage of humans and the depressed vampire decides to end his endless life when he discovers six-year old Izuzu Trooper Cassidy and he finds himself protecting her from other vampires.
|
| 650 |
|
0 |
|a Vampires
|v Fiction.
|
| 655 |
|
7 |
|a Fantasy fiction.
|2 gsafd
|
| 994 |
|
|
|a E0
|b TXA
|
| 948 |
|
|
|a cataloged
|b h
|c 2004/9/21
|d c
|e jlanham
|f 11:16:32 am
|
| 999 |
|
|
|a MARS
|
| 999 |
f |
f |
|s ad58f0f3-1b93-33c4-a519-6a4ac4c38d5e
|i dd1f434e-9386-3ca5-b75b-5bb602b45392
|t 0
|
| 952 |
f |
f |
|p ric
|a Texas A&M University
|b Rellis Campus
|c Joint Library Facility
|s JLF
|d Remote Storage
|t 0
|e PS3569.O716 V36 2004
|h Library of Congress classification
|i unmediated -- volume
|m A14831332063
|
| 998 |
f |
f |
|a PS3569.O716 V36 2004
|t 0
|l Remote Storage
|